Petrochémia : Chémia a technológia II

Saved in:
Bibliographic Details
Main Author: Veselý, Václav (Author)
Format: Book
Language:Slovak
Published: Bratislava : SVŠT v Bratislave, 1984
Edition:3.vyd.
Tags: Add Tag
No Tags, Be the first to tag this record!

MARC

LEADER 00000nam a22000003a 4500
001 stu57735
005 20150617225652.7
008 010502s1984----cs------------------slo-d
040 |a STU  |b slo 
041 0 |a slo 
044 |a cs 
080 |a 665.6:54(075.8) 
100 1 |a Veselý, Václav  |4 aut 
245 1 |a Petrochémia :  |b Chémia a technológia II 
250 |a 3.vyd. 
260 |a Bratislava :  |b SVŠT v Bratislave,  |c 1984 
300 |a 442 s. Tab.,lit 
996 |b 284C019350  |c C*72793  |l CCI  |s A  |a 24  |w stu57735_0001 
996 |b 284C019351  |c C*72794  |l CCI  |s A  |a 24  |w stu57735_0002